000 nam a22 a 4500
999 _c3414
_d3414
003 AKMAL
005 20170522161747.0
008 170522s2000 ny 00 eng d
020 _a0814405460:
_cUSD29.95
040 _aAKMAL
082 0 4 _a658.4063 FUL
_221
090 2 0 _a658.4063
_bFUL
100 1 _aFulmer, William E.
_96533
245 1 0 _aShaping the adaptive organization :
_blandscapes, learning, and leadership in volatile times /
_cWilliam E. Fulmer
260 _aNew York :
_bAMACOM,
_c2000
300 0 0 _ax, 294p. :
_bill. ;
_c24cm
504 _aIncludes bibliographical references and index
650 0 _aOrganizational change
_9567
650 0 _aOrganizational learning
_96857
650 0 _aTechnological innovations
_xManagement
_96891
942 _2ddc
_cBOOK